000 00725nam a2200217Ia 4500
001 19350
003 GE_BSU
008 181216s||||||||xx |||||||||||||| ||und||
040 _cGE_BSU
245 _aВестник Древней истории №3 том 76 июль-абгуст-сентябрь 2016
245 _bJournal of ancient history
245 _cГл. ред. А.И.Иванчук и др.
250 _aжурнал выходит четыре раза в год основан в1937г
260 _aМосква
260 _bНаука
260 _c2016
300 _a848стр,25см
653 _aВестник Древней истории
653 _aპერიოდიკა
942 _cCR
999 _c52333
_d52333